| 000 | 00482nam a22001697a 4500 | ||
|---|---|---|---|
| 005 | 20251108172713.0 | ||
| 008 | 250721s2003 xx 000 0 ara d | ||
| 082 | 1 | 4 | _a956.3032/فقي |
| 100 | 1 |
_aفقيه، شادي _eمؤلف |
|
| 245 | 1 | 0 | _aالرجل الذي إتخذ عشرين شبيها / |
| 264 | 1 |
_aبيروت : _bدار العلم، _c2003. |
|
| 300 | _a205ص | ||
| 650 | 1 | 7 | _aتاريخ العراق |
| 650 | 1 | 7 | _aالتراجم |
| 942 |
_2ddc _cBK |
||
| 999 |
_c86356 _d86356 |
||